| 000 | 00000nam##2200000za#4500 |
| 001 | 9.572269 |
| 003 | CaOODSP |
| 005 | 20210624183133 |
| 007 | cr ||||||||||| |
| 008 | 150406|1999||||xxc|||||o f|0| 0 eng|d |
| 040 | |aCaOODSP|beng |
| 043 | |an-cn--- |
| 086 | 1 |aNH18-22/99-112E-PDF |
| 110 | 2 |aCanada Mortgage and Housing Corporation. |
| 245 | 10|aQualification of the degree of acoustic comfort in multi-family buildings |h[electronic resource] |
| 260 | |aOttawa - Ontario : |bCanada Mortgage and Housing Corporation |c[1999]. |
| 300 | |a2p.|btable |
| 490 | 1 |aResearch highlight. Technical series |v99-112 |
| 590 | |a11-29-Supp|b2011-11-25 |
| 690 | 07|aHousing|2gcpds |
| 690 | 07|aConstruction materials|2gcpds |
| 775 | 08|tQualification du degré de confort acoustique dans les édifices multilogements / |w(CaOODSP)9.607699 |
| 776 | 0#|tQualification of the degree of acoustic comfort in multi-family buildings |w(CaOODSP)9.615541 |
| 830 | #0|aResearch highlight. Technical series ;|v99-112|w(CaOODSP)9.504482 |
| 856 | 40|ahttp://publications.gc.ca|qPDF|s20 KB|uhttps://publications.gc.ca/collections/Collection/NH18-22-99-112E.pdf|y99-112 |
| 986 | |aNHA 2266 |